=LDR 00000nam 2200000 4500 =001 INLIS000000000038240 =005 20130612143919 =008 ***********************************Ind** =035 ##$$0010-061300000038240 =041 ##$$a Ind =082 ##$$a 641.86 =090 ##$$a 641.86, mak m =245 ##$$a Makanan favorite untuk usaha boga, Editor, Intarina Hardiman =260 ##$$a 2011 $b Jakarta =300 ##$$a 63 hlm, Ilus, 23 cm =650 ##$$a Kue - Resep =700 ##$$a Hardiman, Intarina =850 ##$$a NBPNMAT